Pasma górskie zawierające "góry" w nazwie - Statystyki

Ogólne statystyki
  • Ten quiz został rozwiązany 13 razy
  • Średni wynik to 6 z 15
Statystyki odpowiedzi
Podpowiedź Pasmo górskie % Poprawnych
W swojej nazwie mają nazwę jednego z polskich województw Góry Świętokrzyskie
83%
Ich najwyższy szczyt to Wielka Sowa Góry Sowie
75%
Ich wschodnia część wraz ze Szczelińcem Wielkim leży w powiecie kłodzkim Góry Stołowe
75%
Leżą w zachodniej i północnej części Półwyspu Skandynawskiego i północnej części Finlandii Góry Skandynawskie
67%
Przebiegają przez wschodnie wybrzeże Morza Adriatyckiego Góry Dynarskie
58%
Należą do jednostki zwanej blokiem karkonosko-izerskim, stanowiąc jego zachodnią część Góry Izerskie
58%
Stanowią granicę Europy i Azji Góry Ural
58%
Znane są z jeziora Moraine Góry Skaliste
25%
Według Regionalizacji fizycznogeograficznej Polski Jerzego Kondrackiego są częścią Gór Złotych Góry Bialskie
17%
Stanowią część Wielkiej Krawędzi Góry Smocze
17%
Niektóre miejscowości tam leżące to: Wojcieszów, Komarno i Dobków Góry Kaczawskie
8%
Miała tam miejsce bitwa pod Covadongą Góry Kantabryjskie
8%
Najwyższe pasmo Wewnętrznych Karpat Wschodnich Góry Rodniańskie
8%
Graniczą z Wyżyną Anatolijską Góry Taurus
8%
Nazwa tych gór w języku serbskim oznacza "Góry Przeklęte" Góry Północnoalbańskie
0%
Nie znaleziono quizów pasujących do podanych kryteriów
Rozkład punktacji
Procent ludzi z każdym wynikiem
Percentyl według liczby udzielonych odpowiedzi
Twoja historia wyników
Nie rozwiązałeś tego quizu